000 00702nam a2200193Ia 4500
001 12532
003 GE_BSU
008 181216s||||||||xx |||||||||||||| ||und||
040 _cGE_BSU
080 _aპერიოდიკა
245 _aРеферативный журнал. Экономика промышленности.№9. 2014
245 _b20.Экономика промышленности.Выходит 12раз в год.
245 _cгл. ред. Ран П.А Минакир, и др.
260 _aМосква
260 _c2014
300 _a16стр.30см.
653 _aРеферативный журнал.Экономика промышленности.
942 _cCR
999 _c45705
_d45705